000 01361nam a22003737a 4500
003 CHAP
005 20220329133611.0
008 971013s1993 r 00010 d
010 _a8398
011 _a9370
035 _a8605
040 _cCHAP
090 _aTesis
100 0 0 _aDelgado Blancas, Miguel Ignacio.
_931594
245 _aFotosíntesis, respiración y contenido de clorofila y su relación con el rencimiento de 16 genotipos de trigo(Triticum aestivum L.) cultivados en alta temperatura
260 _aMontecillo, Méx. :
_bEl Autor,
_c1993
300 _a82 h.
_b; gráfs
502 _aTesis (M.C. Esp. en Botánica) -- Colegio de Postgraduados Centro de Botánica
590 _aALEPH
_b10
_c20130110
_lUCH01
_h1222
590 _aBATCH-UPD
_b10
_c20130110
_lUCH01
_h1410
590 _aBATCH-UPD
_b10
_c20130410
_lUCH01
_h0857
590 _aBATCH-UPD
_b10
_c20130914
_lUCH01
_h0950
590 _aCONVERSION
_b10
_c20130109
_lUCH01
_h1306
650 1 4 _aClorofila.
_923899
650 1 4 _aFotosíntesis.
_942737
650 1 4 _aPlantas
_xRespiración.
_988889
650 1 4 _aTemperatura
_xEfecto en trigo.
_9112228
650 1 4 _aTrigo
_xRendimiento.
_9115092
650 1 4 _aTrigo
_xVariedades.
_9115119
901 _aBK
942 _cFOLL
949 _bBC
_cTES
_d-18861
_eTS1
_h25574
_i8605
_mD
_si
949 _bBC
_cTES
_d33724000684403
_eTS2
_fc.2
_h25575
_i8605
_mD
_si
999 _c8398
_d8398